000
00234nam a2200097Ia 4500
001
683554
005
20250826161440.0
008
250824s9999 xx 000 0 und d
245
0
_a
HOKUS POKUS
_c
IVOR BADDIEL
260
_b
TİMAŞ YAYINLARI
999
_c
683554
_d
683554